[Event "Peace Tournament 2018"]
[Site "Zagreb"]
[Date "2018.11.09"]
[Round "9.3"]
[White "Amin, Bassem"]
[Black "Kozul, Zdenko"]
[Result "1-0"]
[WhiteElo "2709"]
[BlackElo "2612"]
[Annotator "TA"]
[PlyCount "113"]
[EventDate "2018.11.12"]
[EventType "tourn"]
[EventCountry "CRO"]
[SourceTitle "playchess.com"]
[Source "ChessBase"]
[SourceQuality "1"]

{[%evp 18,113,21,28,29,27,34,0,0,0,23,33,30,24,6,-45,-47,-65,-50,-60,-31,-35,-25,-31,-35,-38,-28,-29,-22,-37,-32,-36,-32,-71,-67,-78,-72,-62,-54,-100,-89,-107,-48,-98,-75,-75,-64,-63,-8,-163,-160,-204,-29,-56,-14,-2,249,271,274,265,471,471,471,471,471,471,471,471,471,469,258,258,258,258,258,205,29949,29953,29951,29949,29952,29952,29957,29958,29958,29960,29960,29961,29960,29962,29962,29965,29964,29965,29965,29967,29967,29967]} 1. e4 c5 2. Nf3 d6 3. Bb5+ Bd7 4. Bxd7+ Nxd7 5. O-O Ngf6 6. Qe2 e6 7. d4 cxd4 8. Nxd4 a6 {B52: Sicilian: Moscow Variation with 3...Bd7} 9. c4 Rc8 10. b3 {LiveBook: 4 Games} g6 {White has an edge.} 11. Rd1 Qa5 $146 ({Predecessor:} 11... Bg7 12. Ba3 Qb6 13. Nc3 Nc5 14. b4 Ncd7 15. Rac1 O-O 16. c5 dxc5 17. Na4 Qc7 18. bxc5 Rfd8 19. c6 Ne5 20. cxb7 {½-½ (20) Pavasovic,D (2527)-Balogh,C (2567) Austria 2005}) 12. a4 Bg7 13. Ba3 Qe5 14. Nc3 Nc5 {[%cal Rf6e4]} 15. f3 $1 {[%cal Bf2f3,Bf3f4][%mdl 32]} O-O 16. Qe3 ({White should try} 16. Rab1 $11) 16... d5 $15 {[%cal Rd5e4]} 17. Bxc5 Rxc5 18. f4 $1 {[%cal Rf4e5]} Qh5 {Hoping for ...Qxh2+!} 19. h3 Nxe4 20. Nxe4 dxe4 21. Qxe4 Rc7 22. Rab1 Qc5 23. Kh2 e5 24. Nf3 f5 25. Qd5+ Qxd5 26. Rxd5 exf4 27. Re1 Bf6 $36 {[%mdl 2048] White is under pressure.} 28. Re6 Kf7 29. Rdd6 Kg7 (29... Be7 $1 $17 {[%cal Re7d6]} 30. Ne5+ Kg7) 30. h4 Be7 31. Rd5 Kf7 32. Rb6 Rd8 (32... Ke8 $1 $15) 33. Ne5+ $2 (33. Ng5+ $11 Bxg5 34. hxg5 Rxd5 35. cxd5) 33... Kf8 $19 {And now ...Rxd5 would win.} 34. h5 gxh5 $2 (34... Rxd5 $19 35. cxd5 Bh4) 35. Rh6 Rxd5 (35... Kg7 $5 {[%cal Rd8d5]} 36. Rxh5 Rxd5 37. cxd5 Kf6 $17) 36. cxd5 $15 {[%mdl 4096] Endgame Black must now prevent d6. KRB-KRN} Kg7 $2 {[%mdl 8192]} (36... Rc1 $11 37. Rxh5 Re1 38. Rxf5+ Ke8) 37. d6 $18 Rc5 38. Nd7 $1 {[%cal Rd7c5]} Rc8 $2 ({Much worse is} 38... Kxh6 $6 39. dxe7 Rc8 40. Nf6 $18) (38... Bxd6 39. Rxd6 Rc2) 39. dxe7 Kxh6 {KR-KN} 40. Nf6 Kg5 41. e8=Q Rxe8 42. Nxe8 {KN-KP} f3 43. gxf3 Kf4 (43... h4 {was necessary.} 44. Nd6 Kf4) 44. Kg2 h4 45. Nd6 b6 {If only Black now had time for ...h3+....} 46. Nc8 b5 $2 (46... h3+ $18 47. Kxh3 Kxf3 48. Nxb6 f4) 47. axb5 {White mates.} axb5 48. Ne7 h3+ 49. Kxh3 Kxf3 50. Nxf5 {KN-KPP} Ke4 51. Ne7 $1 Ke5 {[#]} 52. Nc6+ $1 Kd5 53. Nb4+ Kd4 {[#]} 54. Na6 $1 b4 55. Kg4 Kc3 56. Nc5 Kd4 57. Nb7 {Precision: White = 69%, Black = 58%.} 1-0

[Event "Peace Tournament 2018"]
[Site "Zagreb"]
[Date "2018.11.21"]
[Round "9.4"]
[White "Saric, Ivan"]
[Black "Malakhov, Vladimir"]
[Result "1/2-1/2"]
[WhiteElo "2692"]
[BlackElo "2654"]
[Annotator "TA"]
[PlyCount "57"]
[EventDate "2018.11.12"]
[EventType "tourn"]
[EventCountry "CRO"]
[SourceTitle "playchess.com"]
[Source "ChessBase"]
[SourceQuality "1"]

{[%evp 21,57,0,0,0,0,0,15,21,18,10,16,22,25,18,19,0,0,0,18,18,17,21,19,16,24,24,24,0,11,0,10,5,9,0,0,0,0,0]} 1. e4 e5 2. Nf3 Nc6 3. d4 exd4 4. Nxd4 Bc5 5. Nb3 Bb6 6. Nc3 Nf6 7. Qe2 {C45: Scotch Game} a5 {[%cal Ba7a5,Ba5a4,Ba4b3,Bb3c2][%mdl 32]} (7... O-O 8. Bg5 Nd4 9. Qd2 Nxb3 10. axb3 h6 11. Be3 Bxe3 12. Qxe3 d5 13. O-O-O c6 14. exd5 cxd5 {1-0 (40) Amin,B (2686)-Safarli,E (2676) Hoogeveen 2018}) 8. e5 O-O 9. exf6 a4 10. Nd5 Re8 11. Be3 axb3 {LiveBook: 5 Games} 12. Qg4 $1 {[%csl Gf6][%cal Rg4g7] [#]} g6 13. Bc4 $1 Nb4 14. Nxb4 d5 $1 15. Qf4 $146 dxc4 16. O-O bxc2 $1 17. Bxb6 cxb6 18. Nd5 {[#] White wants to mate with Qh6.} Re6 ({Not} 18... Qxd5 19. Qh6 Qxg2+ 20. Kxg2 Bh3+ 21. Kg1 Bxf1 22. Qg7#) 19. Qxc4 Kh8 20. Qxc2 {And now Qc7 would win.} Rd6 21. Ne3 Qxf6 22. Rfd1 Rxd1+ 23. Rxd1 Be6 24. b3 Kg8 {The position is equal.} 25. h3 Qe5 26. Qd2 h5 27. Nc4 Bxc4 28. bxc4 b5 29. cxb5 {Accuracy: White = 79%, Black = 63%.} 1/2-1/2

[Event "Peace Tournament 2018"]
[Site "Zagreb"]
[Date "2018.11.21"]
[Round "9.5"]
[White "Palac, Mladen"]
[Black "Jovanovic, Zoran"]
[Result "1-0"]
[WhiteElo "2548"]
[BlackElo "2537"]
[Annotator "TA"]
[PlyCount "139"]
[EventDate "2018.11.12"]
[EventType "tourn"]
[EventCountry "CRO"]
[SourceTitle "playchess.com"]
[Source "ChessBase"]
[SourceQuality "1"]

{[%evp 9,139,52,60,38,51,32,42,39,41,35,39,37,40,38,41,46,38,46,40,46,56,41,62,65,77,7,84,0,34,14,97,95,101,52,64,64,65,56,129,126,137,115,201,168,175,151,168,138,122,125,150,158,141,142,145,145,142,130,165,165,196,184,195,192,188,159,184,186,175,135,152,113,113,112,201,201,201,201,201,201,201,201,201,201,201,201,201,160,201,201,165,156,215,201,204,163,163,163,163,163,384,156,156,0,384,384,384,384,384,384,384,384,293,292,384,350,1572,1357,1277,1108,29966,1042,29967,29969,29979,29980,29978,68,29989,29990,29990,29991]} 1. e4 d5 2. exd5 Qxd5 3. Nc3 Qd6 4. d4 Nf6 5. Nf3 c6 6. g3 {B01: Scandinavian Defence} (6. h3 Nbd7 7. Bd3 g6 8. O-O Bg7 9. Re1 O-O 10. Qe2 e6 11. Bg5 b6 12. Rad1 Bb7 13. Ne5 c5 14. dxc5 Qxe5 15. Qxe5 Nxe5 16. Rxe5 {1-0 (90) Guseinov,G (2645)-Carlsen,M (2832) chess.com INT 2017}) 6... Bf5 7. Bg2 h6 (7... e6 8. Nh4 Bg4 9. Qd3 Be7 10. h3 Bh5 11. g4 Bg6 12. Nxg6 hxg6 13. Bd2 Nd5 {½-½ (32) Palac,M (2568)-Jovanovic,Z (2506) Porec 2016}) 8. O-O {White is slightly better.} e6 9. Na4 $146 ({Predecessor:} 9. Ne2 Qc7 10. c4 Nbd7 11. Nc3 Bd6 12. c5 Be7 13. Nd2 Rd8 {1-0 (50) Leko,P (2705)-Horvath,C (2519) Civitanova Marche 2016}) 9... Qc7 10. c4 Bd6 11. c5 Be7 12. Bf4 Qc8 13. Nd2 {[%cal Bf3d2,Bd2c4,Bc4a5][%mdl 32]} O-O 14. Nc4 $36 {[%mdl 2048] White fights for an advantage.} Nbd7 15. Qb3 Re8 16. Na5 g5 17. Be5 ({White should play} 17. Bd6 $1 $16) 17... Nd5 (17... Nxe5 $11 18. dxe5 Nd7) 18. Nc4 Nxe5 19. dxe5 Qd7 (19... b5 $11 {keeps the balance.} 20. cxb6 Rb8) 20. Nd6 $16 Red8 21. Nxf5 exf5 22. Rad1 Qc7 23. Rfe1 {[%cal Bf1e1,Be1d1,Bd1d7][%mdl 32]} b5 {[#]} (23... Kg7 $14) 24. cxb6 $1 (24. Bxd5 $2 Rxd5 25. Rxd5 bxa4 $19) 24... Nxb6 25. e6 {[%cal Be5e6,Be6f7][%mdl 32] Threatens to win with Rc1.} Bf6 (25... Rxd1 $16 26. Rxd1 (26. exf7+ Kg7 $16) 26... Kg7) 26. Nc5 Rxd1 27. Rxd1 Rf8 28. Nd7 Nxd7 29. Rxd7 Qe5 30. exf7+ Kg7 31. Bxc6 Qxb2 {aiming for ...Qc1+.} 32. Qxb2 Bxb2 {[%mdl 4096] Endgame KRB-KRB} 33. Rb7 Bd4 34. Be8 g4 35. Kg2 h5 36. f3 Bb6 37. h3 gxh3+ 38. Kxh3 Rh8 39. Rd7 f4 40. g4 hxg4+ 41. Kxg4 Be3 (41... Rh6 $16) 42. Rd6 $18 Kf8 43. Rg6 Bd2 44. Kf5 Be3 45. Ke6 Bd4 {[#]} 46. Kd5 $1 {[%cal Rd5d4]} Be3 47. a4 Bd2 48. Kc6 a5 49. Kd7 Bc3 50. Ke6 Bd4 (50... Bg7 $16 {might work better.} 51. Rg5 Rh6+ 52. Kd5 Rb6) 51. Kf5 Be3 52. Ke4 Bd2 53. Kd3 Bb4 54. Rg4 Bd6 $2 (54... Bc5 55. Rxf4 Rh6) 55. Kc4 (55. Ke4 $18 Bc7 56. Rg6) 55... Be7 56. Kd3 $2 (56. Kd4 $16) 56... Bd6 57. Ke4 Be7 58. Rg6 Bb4 59. Kxf4 Bc3 60. Ke4 Bg7 61. Rg5 Bc3 62. Kd3 Bb4 $2 (62... Bg7 63. Rxa5 Rh6) 63. f4 Rh3+ 64. Kc4 {White wants to mate with Rg8+.} Rh8 65. f5 (65. Rg6 $142 Bd2 66. f5 Bh6 67. Kd5 Bc1 68. Rg2 Bf4 69. Ke6 Rh6+ 70. f6) 65... Bd2 66. Rg6 Bb4 67. Kd5 Bd2 68. f6 $2 (68. Ke5 {mates} Bc1 69. Rg2 Bh6 70. f6 Bg5 71. Ke6 (71. Rxg5 Rh5 $11) 71... Rh5 72. Rg3 Rh6 73. Rxg5) 68... Bc3 $2 {[%mdl 8192]} (68... Rh5+ $14 69. Ke6 Rg5 70. Rg8+ Rxg8 71. fxg8=Q+ (71. fxg8=R+ Kxg8 72. Bb5 Kf8 $16) 71... Kxg8) 69. Ke6 Bb4 70. Bc6 {Accuracy: White = 65%, Black = 39%.} 1-0

[Event "Peace Tournament 2018"]
[Site "Zagreb"]
[Date "2018.11.21"]
[Round "9.6"]
[White "Adhiban, B.."]
[Black "Cheparinov, Ivan"]
[Result "1-0"]
[WhiteElo "2682"]
[BlackElo "2711"]
[Annotator "TA"]
[PlyCount "55"]
[EventDate "2018.11.12"]
[EventType "tourn"]
[EventCountry "CRO"]
[SourceTitle "playchess.com"]
[Source "ChessBase"]
[SourceQuality "1"]

{[%evp 21,55,4,16,-6,-4,-12,0,-19,19,18,12,20,40,22,25,18,90,0,101,115,106,132,203,208,306,297,296,273,357,356,399,408,441,431,2550,2400]} 1. c4 e6 2. Nf3 d5 3. g3 Nf6 4. Bg2 d4 5. O-O c5 6. e3 Nc6 7. exd4 cxd4 8. d3 Bd6 {A13: English Opening: 1...e6} (8... Be7 9. b3 O-O 10. Na3 e5 11. Nc2 Nd7 12. a3 a5 13. Rb1 Nc5 14. b4 axb4 15. axb4 Na4 16. Bd2 {0-1 (47) Wei,Y (2739)-Karjakin,S (2760) Medias 2017}) 9. Na3 O-O 10. Nc2 e5 11. b4 {[%cal Bb2b4,Bb4b5][%mdl 32]} Re8 {LiveBook: 13 Games} 12. b5 Nb8 {[%cal Bc6b8,Bb8d7,Bd7c5][%mdl 32]} 13. Bg5 $146 ({Predecessor:} 13. a4 Nbd7 14. Rb1 Nc5 {1-0 (35) Valdes,L (2385)-Adamson,R (2187) Charlotte 2018}) 13... Nbd7 14. Nd2 Qc7 15. f4 exf4 16. Bxf4 Nc5 17. Bxd6 Qxd6 18. Nb3 Ng4 (18... a6 $11) 19. Qf3 ({Of course not} 19. Nbxd4 $6 Ne5 $11) (19. Rf4 $16 {Hoping for Nxc5.} Nf6 20. Qd2 (20. Rxd4 Qb6 $16) (20. Ncxd4 Nxb3 21. Nxb3 a6 $16) (20. Nbxd4 Bd7 $16)) 19... Be6 (19... Ne5 $11 {keeps the balance.} 20. Qd5 Qxd5 21. cxd5 Ncxd3) 20. Nxc5 $16 ({Much weaker is} 20. Nbxd4 $6 Ne5 $11) 20... Qxc5 21. Rae1 $40 {[%mdl 128] [#] Strongly threatening Rxe6! White is out for blood.} h5 (21... Ne5 $16 {was worth a try.} 22. Qxb7 f6) 22. Qxb7 $18 Ne3 (22... Rac8 $142 23. Qe4 (23. Rxe6 fxe6 24. Qf7+ Kh8 $11) 23... Red8) 23. Nxe3 dxe3 24. Qc6 Qd4 25. Qe4 Qc3 26. Qxe3 Rad8 27. Qxa7 {Black must now prevent Rxe6!} Rxd3 {[#]} (27... Rf8 $142 28. Be4 g6) 28. Rxe6 $1 {Accuracy: White = 69%, Black =  5%.} 1-0

[Event "Peace Tournament 2018"]
[Site "Zagreb"]
[Date "2018.11.09"]
[Round "10.1"]
[White "Ivanchuk, Vassily"]
[Black "Cheparinov, Ivan"]
[Result "1/2-1/2"]
[WhiteElo "2714"]
[BlackElo "2711"]
[Annotator "TA"]
[PlyCount "90"]
[EventDate "2018.11.12"]
[EventType "tourn"]
[EventCountry "CRO"]
[SourceTitle "playchess.com"]
[Source "ChessBase"]
[SourceQuality "1"]

{[%evp 21,90,11,1,0,0,0,0,0,0,0,0,0,16,-2,-8,-59,-52,-59,-65,-62,-55,-49,-68,-63,-59,-172,-157,-183,-170,-190,-173,-174,-172,-171,-164,-150,-151,-281,-94,-106,-112,-105,-109,-103,-106,-110,-101,-204,-207,-195,-121,-195,0,0,0,-191,-90,-91,-91,-91,-72,-91,-75,-90,-83,-83,0,-75,-75,-87,0]} 1. d4 Nf6 2. c4 e6 3. Nf3 d5 4. Nc3 Bb4 5. Bg5 h6 6. Bxf6 Qxf6 7. e3 O-O 8. Rc1 dxc4 9. Bxc4 c5 {D38: Queen's Gambit Declined: Ragozin Defence (4 Nf3 Bb4)} 10. dxc5 Nd7 11. c6 (11. O-O Nxc5 12. Nb5 a6 13. Nbd4 b5 14. Be2 e5 15. Nc2 Rd8 16. Nxb4 Rxd1 17. Rfxd1 {1-0 (64) Carlsen,M (2842)-Navara,D (2741) Biel 2018}) 11... bxc6 {LiveBook: 4 Games. The position is equal.} 12. a3 $146 ({Predecessor:} 12. O-O Ne5 13. Be2 Rb8 14. Qa4 Bxc3 15. bxc3 c5 16. Qxa7 Bb7 17. Nxe5 Qxe5 18. Rfd1 Be4 19. Rd2 {½-½ (19) Gelfand,B (2735)-Matlakov,M (2682) Moscow 2016}) 12... Be7 13. Be2 Rb8 14. Qc2 c5 15. O-O Bb7 16. Rfd1 Ne5 17. Nd2 Qh4 18. Nf3 (18. Nce4 $11) 18... Bxf3 $15 19. Bxf3 Nxf3+ 20. gxf3 Qh3 21. Qe2 Bf6 22. Na4 Rfc8 23. Rc4 (23. Rd2 $15) 23... Be5 $1 $19 24. f4 {[#]} Bxb2 $1 {[%mdl 512]} 25. Rxc5 (25. Nxb2 Rxb2) 25... Rxc5 26. Nxc5 Bxa3 27. Ne4 a5 28. Ng3 Bb4 29. Rd7 (29. Ra1 $17 {was worth a try.}) 29... Bf8 $2 (29... a4 $19 30. Qc2 a3) 30. Qc2 $17 h5 {[%cal Bh6h5,Bh5h4][%mdl 32] Strongly threatening ...a4!} 31. Rxf7 {[%mdl 64] Decoy} Kxf7 32. Qc7+ {[%mdl 64] Double Attack} Be7 {( -> ...Rb1+)} 33. Qxb8 h4 34. Ne4 (34. Ne2 $17 {was the only defense.}) 34... Qg4+ $19 35. Kf1 Qd1+ 36. Kg2 {[#]} Qg4+ $2 (36... h3+ $1 $19 {[%mdl 512]} 37. Kg3 (37. Kxh3 Qf3+) 37... Qf1 38. Nd6+ Bxd6 39. Qxd6 Qg2+ 40. Kh4 Qxf2+ {[%mdl 64] Double Attack} 41. Kg4 Qg1+ 42. Kxh3 Qxe3+ 43. Kg2 Qe4+ 44. Kg3 Qe3+ 45. Kg4 Qa7) 37. Kf1 $11 Qd1+ $2 (37... Qf3 $11 38. Nd6+ Bxd6 39. Qxd6 Qb7) 38. Kg2 $19 {[#]} Qd5 (38... h3+ $1 $19 {[%mdl 512] has better winning chances.} 39. Kg3 (39. Kxh3 Qf3+) 39... Qh1 40. Nd6+ Bxd6 41. Qxd6 Qg2+ 42. Kh4 Qxf2+ {[%mdl 64] Double Attack} 43. Kg4 Qg1+ 44. Kxh3 Qxe3+ 45. Kg4 Qa7) 39. f3 $17 Qa2+ 40. Kf1 {[#]} Qc4+ $1 (40... Qxh2 $6 41. Qb7 $11) 41. Kf2 Qc2+ 42. Kf1 Qd1+ ({Much weaker is} 42... Qxh2 $6 43. Qb7 $11) 43. Kf2 Qc2+ 44. Kf1 Qd3+ ({But not} 44... Qxh2 45. Qb7 $11) 45. Kf2 {[#]} Qc2+ {Accuracy: White = 49%, Black = 71%.} (45... Qd7 $1 $17) 1/2-1/2

[Event "Peace Tournament 2018"]
[Site "Zagreb"]
[Date "2018.11.09"]
[Round "10.2"]
[White "Jovanovic, Zoran"]
[Black "Adhiban, B.."]
[Result "0-1"]
[WhiteElo "2537"]
[BlackElo "2682"]
[Annotator "TA"]
[PlyCount "110"]
[EventDate "2018.11.12"]
[EventType "tourn"]
[EventCountry "CRO"]
[SourceTitle "playchess.com"]
[Source "ChessBase"]
[SourceQuality "1"]

{[%evp 12,110,20,17,27,-4,0,-5,10,-58,-48,-66,-49,-48,-25,-54,-57,-73,-74,-103,-102,-120,-88,-109,-95,-89,-101,-91,-95,-137,-12,-43,-24,-23,-14,-26,-27,-59,-40,-65,-70,-106,-91,-100,-128,-182,-44,-126,-114,-106,-106,-89,-78,-95,-94,-92,-97,-151,-151,-151,-151,-151,-151,-152,-152,-823,-759,-636,-635,-11854,-11717,-11854,-6956,-12847,-6531,-12144,-6111,-29953,-29954,-29947,-29950,-29937,-6616,-5722,-5510,-29968,-29971,-29969,-29968,-29968,-29968,-29955,-29959,-29958,-29959,-8675,-7869,-29967,-29964,-29981,-29982]} 1. e4 e5 2. Nf3 Nc6 3. Bc4 Bc5 4. c3 Nf6 5. d3 a6 6. Bb3 Ba7 7. h3 {LiveBook: 212 Games. C54: Giuoco Piano: 4 c3 Nf6, main lines with 5 d4 and 5 d3} (7. Nbd2 O-O 8. h3 Re8 9. O-O d6 10. Re1 Be6 11. Bc2 h6 12. Nf1 d5 13. Ng3 dxe4 14. dxe4 Qxd1 15. Rxd1 Rad8 16. Re1 Nd7 17. Nf5 Bc5 18. Be3 Bxe3 19. Nxe3 Nb6 {½-½ (32) Miton,K (2584)-Ivanchuk,V (2726) Riadh 2017}) 7... O-O 8. Qe2 d6 9. Nbd2 {The position is equal.} Nd7 10. g4 $146 ({White should play} 10. Bc2 $11) ({Predecessor:} 10. O-O Nc5 11. Bc2 Ne6 12. Nb3 Qf6 13. g3 Nc5 14. Kg2 Qd8 {½-½ (40) Kofidis,A (2360)-Gavrilakis,N (2410) Thessaloniki 1996}) 10... Nc5 $15 11. Bc2 Ne6 12. Nf1 Ne7 13. Ng3 Ng6 14. Nh5 b5 {[%cal Bb7b5,Bb5b4][%mdl 32]} 15. Bd2 a5 16. O-O {[#]} b4 $1 {[%mdl 512]} 17. Kh2 (17. cxb4 axb4) 17... Rb8 18. Be3 Bb6 19. d4 bxc3 20. bxc3 c6 ({Black should try} 20... Nh4 $1 $17 {White must now prevent ...g6.} 21. Rfd1 g6) 21. Bb3 Qc7 22. Kg1 Kh8 23. Rfd1 f6 24. Qd2 h6 25. Bxe6 ({Wrong is} 25. Bxh6 $2 gxh6 26. Qxh6+ (26. Bxe6 $2 Bxe6 27. Qxh6+ Qh7 $19) 26... Qh7 $19) 25... Bxe6 26. Rab1 d5 $1 27. exd5 Bxd5 28. Qe2 (28. dxe5 $17 fxe5 29. Bxb6 Rxb6 30. Ne1) 28... f5 (28... exd4 $19 29. Bxd4 Bxd4 30. Nxd4 Rbe8) 29. Rxb6 (29. Nxe5 $15 Nxe5 30. dxe5 Qxe5 31. Nf4) 29... Rxb6 30. Nxe5 Nxe5 31. dxe5 Qxe5 32. Nf4 {[#]} Kh7 $1 {Hoping for ...Rb1!} 33. Bxb6 Qxf4 $40 {[%mdl 128] Black goes for the king.} 34. Qe3 (34. Bc5 $142 Rf6 35. Rd4 Qc1+ {[%mdl 64] Double Attack} 36. Qd1 Qxd1+ 37. Rxd1) 34... fxg4 $17 35. Qxf4 Rxf4 36. Rd4 Rxd4 37. cxd4 gxh3 38. Bxa5 $2 (38. a4 $17) 38... Bxa2 {[%mdl 4096] Endgame KB-KB} 39. Kh2 {[#]} Be6 $1 40. f4 Kg6 41. Bb4 h5 42. Bf8 Kf7 43. Bd6 Bf5 44. Be5 g6 45. Kg3 Ke6 46. Kh2 Kd5 47. Bf6 Ke4 48. Kg3 {[#]} h2 $1 49. Kxh2 Kxf4 50. Kg2 g5 51. Kf2 Be4 52. Be7 Bd5 53. Bf6 h4 54. Be7 Kg4 55. Bd8 Kh5 {Accuracy: White = 19%, Black = 66%.} 0-1

[Event "Peace Tournament 2018"]
[Site "Zagreb"]
[Date "2018.11.09"]
[Round "10.3"]
[White "Malakhov, Vladimir"]
[Black "Palac, Mladen"]
[Result "1-0"]
[WhiteElo "2654"]
[BlackElo "2548"]
[Annotator "TA"]
[PlyCount "99"]
[EventDate "2018.11.12"]
[EventType "tourn"]
[EventCountry "CRO"]
[SourceTitle "playchess.com"]
[Source "ChessBase"]
[SourceQuality "1"]

{[%evp 13,99,0,1,2,7,7,7,7,4,11,3,0,9,0,0,-17,-22,-10,-27,-17,-11,-11,-23,-29,-25,-35,0,-13,0,0,20,9,31,18,24,0,0,0,0,0,0,0,0,-4,-14,-16,0,-8,0,0,0,0,0,-61,-38,-68,-16,-28,-34,-33,-3,-58,-83,-151,-38,-47,-45,-66,-1,-106,-118,-129,-129,-290,-313,-345,0,-8,0,-8,29989,29990,29992,29993,29993,29994,29994,29995]} 1. Nf3 d5 2. e3 Nf6 3. c4 e6 4. Nc3 b6 5. b3 Bb7 6. cxd5 {A17: English Opening: 1...Nf6 with ...Bb4} (6. Bb2 Bd6 7. g3 Nbd7 8. Bg2 O-O 9. O-O a6 10. Qe2 Qe7 11. d4 Rac8 12. Rfd1 Rfd8 {0-1 (52) Wei,Y (2734)-Wang,H (2710) Tianjin 2018}) 6... exd5 7. Bb2 Nbd7 {LiveBook: 7 Games} 8. Rc1 {The position is equal.} a6 9. d4 Bd6 10. g3 O-O 11. Bg2 Ne4 12. O-O Qe7 13. Ne2 {[#]} a5 $146 ({Predecessor:} 13... g6 14. Nf4 a5 15. a4 Rae8 16. Qc2 c6 17. Nd3 f6 18. Nd2 g5 {½-½ (18) Petrosyan,M (2480)-Lupulescu,C (2620) Gjakova 2016}) 14. a4 Ba6 15. Re1 Bb4 16. Nc3 c6 17. Qc2 Rac8 18. Red1 f5 19. Ne5 Bb7 20. f3 {[%cal Bf2f3,Bf3f4][%mdl 32]} Ng5 21. f4 Nxe5 22. dxe5 Bxc3 23. Bxc3 Ne4 24. g4 Nxc3 25. Qxc3 fxg4 26. Qd4 Qd8 27. b4 axb4 28. Qxb4 Ba8 29. Qe1 Qe7 30. Qg3 Rce8 31. Qxg4 Qa3 32. Qg3 Qxa4 33. h4 (33. Ra1 $11 Qb4 34. Rdb1 (34. Ra7 Re7 $11)) 33... Qa7 $15 34. Kh2 Qe7 (34... b5 $15) 35. Rd2 b5 {[%cal Bb6b5,Bb5b4][%mdl 32]} 36. Rg1 b4 37. Bf3 (37. Bh3 $1 $11) 37... Kh8 38. h5 (38. Qg5 $142) 38... Rb8 (38... c5 $17 {Strongly threatening ...b3.} 39. Bxd5 Bxd5 40. Rxd5 c4) 39. h6 $1 {[%cal Rh6g7]} g6 {And now ...c5 would win.} 40. e4 $1 dxe4 ({Black should play} 40... Rb5 $15 41. exd5 cxd5) 41. Bxe4 (41. Bg4 $1 $11 {was the only way to keep the balance.}) 41... c5 $17 42. Bxa8 Rxa8 43. Rgd1 $2 (43. Re1 $17 {was necessary.}) 43... c4 $1 $19 44. Rd7 Qe6 $2 (44... Ra2+ $19 45. R1d2 Rxd2+ 46. Rxd2 c3) 45. Qg5 Ra2+ 46. Kg1 {[#]} c3 $2 {[%mdl 8192] [#]} (46... Ra1 $1 $11 {[%mdl 512]} 47. Rxa1 Qxd7 48. Qf6+ Kg8) 47. Rd8 $1 {White mates.} Ra8 {[#]} 48. Rxa8 $1 Qb6+ 49. Kf1 {[%cal Ra8f8]} Rxa8 50. Qe7 {Accuracy: White = 48%, Black = 44%.} 1-0

[Event "Peace Tournament 2018"]
[Site "Zagreb"]
[Date "2018.11.09"]
[Round "10.4"]
[White "Kozul, Zdenko"]
[Black "Saric, Ivan"]
[Result "1-0"]
[WhiteElo "2612"]
[BlackElo "2692"]
[Annotator "TA"]
[PlyCount "133"]
[EventDate "2018.11.12"]
[EventType "tourn"]
[EventCountry "CRO"]
[SourceTitle "playchess.com"]
[Source "ChessBase"]
[SourceQuality "1"]

{[%evp 19,133,32,36,15,33,13,4,7,59,43,54,43,46,11,29,16,22,11,18,0,37,30,30,24,25,35,34,34,44,29,18,12,18,25,86,65,87,72,81,68,67,73,91,91,128,128,147,128,143,109,136,116,157,149,201,200,305,279,305,297,305,294,284,271,333,333,297,297,354,322,336,316,461,375,457,432,430,359,469,470,467,464,461,457,450,419,400,423,593,600,594,557,610,582,563,549,687,687,681,681,681,680,680,680,678,587,6579,6579,6020,4614,6579,6412,6237,5159,4736,2302]} 1. d4 d5 2. c4 c6 3. Nf3 Nf6 4. Nc3 e6 5. Bg5 h6 6. Bxf6 Qxf6 7. e3 Nd7 8. Bd3 Bb4 9. O-O O-O 10. Qb3 {D43: Semi-Slav: 5 Bg5 h6} (10. a3 Bd6 11. e4 dxc4 12. e5 Qf4 13. Ne2 Qg4 14. h3 Qxf3 15. gxf3 cxd3 16. Qxd3 Be7 17. f4 Nb6 {1-0 (44) Radjabov,T (2748)-Balogh,C (2608) Bastia 2010}) 10... Qe7 {LiveBook: 3 Games} 11. Rac1 Re8 12. Bb1 $146 {White is slightly better.} ({Predecessor:} 12. e4 Bxc3 13. Qxc3 dxe4 14. Bxe4 Nf6 15. Bb1 b6 16. Ne5 {1-0 (48) Norman,G-Michell,R Hastings Town Hall 1927}) 12... dxc4 13. Qxc4 Bxc3 (13... e5 $11) 14. Qd3 $14 {Intending Qh7+ and mate.} g6 15. Qxc3 e5 16. h3 e4 17. Nd2 {[%cal Bf3d2,Bd2c4,Bc4d6][%mdl 32]} Nf6 18. a3 Nd5 19. Qc5 Qh4 20. Qd6 Bf5 21. Qh2 h5 22. Nc4 Rad8 23. Nd6 Re7 24. Rc5 Qf6 25. Nxf5 gxf5 26. Ba2 f4 (26... b6 $11 {keeps the balance.} 27. Rc2 f4) 27. Bxd5 $1 $16 Rxd5 28. Rxd5 cxd5 {[%mdl 4096] Endgame KQR-KQR} 29. Rc1 ({Reject} 29. Qxf4 $6 Qxf4 30. exf4 Rc7 $11) 29... fxe3 30. Qg3+ Kh7 {And now ...exf2+ would win.} 31. fxe3 Qg6 32. Qf4 f6 33. Rf1 Kg7 34. b4 Rd7 35. h4 Rf7 36. Kh2 b6 (36... Re7 $16 {might work better.} 37. Qd6 Qf7) 37. Rc1 $18 f5 (37... Qh6 $142) 38. Rc8 Kh7 39. Rd8 $1 Rg7 {[%csl Gg7][%cal Rg6g2]} 40. g3 Qg4 41. Rxd5 Qxf4 42. gxf4 {KR-KR} Rf7 43. b5 Kg7 44. Kg2 Kf8 45. Rd6 Ke8 (45... Kg7 $142 46. a4 Rf6) 46. Kf2 Rc7 47. Rf6 Rc2+ 48. Ke1 Rc3 49. Kd2 Rd3+ 50. Ke2 Rxa3 {Black hopes to continue with ...Ra2+.} 51. Rxf5 Ra2+ 52. Kd1 Kd7 53. Re5 Kd6 (53... Ra1+ $142 54. Kc2 Rh1 55. Rxh5 Rh2+ 56. Kc3 Rh3) 54. Rxe4 Kd5 55. Re5+ Kc4 56. Ke1 a5 57. bxa6 b5 58. Rc5+ Kd3 59. Rxb5 Kxe3 {[#] ( -> ...Ra1+)} 60. Re5+ $1 Kxf4 61. Re6 Kg3 62. d5 {[%cal Bd4d5,Bd5d6,Bd6d7][%mdl 32]} Ra5 63. Re4 Kf3 64. Rd4 ({Less strong is} 64. Re6 Rxd5 65. Rb6 Ra5 $16) 64... Ke3 {[#]} 65. d6 $1 {[%cal Rd6d7] White threatens d7! and mate.} Kxd4 66. d7 Re5+ 67. Kd2 {Accuracy: White = 84%, Black = 40%.} (67. Kd1 $142 Rd5 68. a7 Rxd7 69. a8=Q) 1-0